| 000 | 004520000a22001810004500 | ||
|---|---|---|---|
| 003 | LK-CoMWRAF | ||
| 005 | 20231026235109.0 | ||
| 008 | 230817t ||||| |||| 00| 0 eng d | ||
| 020 | _a0950395447 | ||
| 040 |
_aLK-CoMWRAF _dLK-CoMWRAF _eLK-CoMWRAF |
||
| 041 | _aeng | ||
| 082 |
_a297.64 _bABU |
||
| 245 |
_aAbu Bakr : _bThe first caliph |
||
| 260 |
_bThe Islamic Foundation _aU.K. _c1986 |
||
| 300 | _ap.44 | ||
| 650 | _aIslam--Abu Bakr | ||
| 942 | _cBK | ||
| 999 |
_c1371 _d1371 |
||